Flagi na kostce Rubika #1 - Statystyki

Ogólne statystyki
  • Ten quiz został rozwiązany 24 razy
    9 od ostatniego zresetowania
  • Średni wynik to 12 z 15
Statystyki odpowiedzi
Obrazkowy Odpowiedź % Poprawnych
Indie
100%
Armenia
89%
Dominikana
89%
Japonia
89%
Laos
89%
Norwegia
89%
Szwecja
89%
Wybrzeże Kości Słoniowej
89%
Chiny
78%
Gambia
78%
Maroko
78%
Mjanma
78%
Watykan
78%
Liban
67%
Togo
56%
Nie znaleziono quizów pasujących do podanych kryteriów
Rozkład punktacji
Procent ludzi z każdym wynikiem
Percentyl według liczby udzielonych odpowiedzi
Twoja historia wyników
Nie rozwiązałeś tego quizu od ostatniego zresetowania